| 000 | 00483cam a22001337a 4500 | ||
|---|---|---|---|
| 008 | 180718b1960 xxu||||| |||| 00| 0 eng d | ||
| 082 | _aW3x54 N213 | ||
| 245 |
_aEmployment potential of road transport _cby National Council of Applied Economic Research |
||
| 260 |
_aNew Delhi _bNational Council of Applied Economic Research _c1960 |
||
| 300 | _a74p. | ||
| 650 | _aEmployment - India | ||
| 650 | _aMotor Transportation - India | ||
| 700 | _aNational Council of Applied Economic Research | ||
| 999 |
_c375333 _d375333 |
||